The rising elephant (Record no. 108658)

MARC details
000 -LEADER
fixed length control field 01743cad a22002535a 4500
001 - CONTROL NUMBER
control field L144933
008 - FIXED-LENGTH DATA ELEMENTS--GENERAL INFORMATION
fixed length control field 110419s2008 xxkbod f s 000 0 eng d
035 ## - SYSTEM CONTROL NUMBER
System control number (Sirsi) u144933
041 0# - LANGUAGE CODE
Language code of text/sound track or separate title eng
050 04 - LIBRARY OF CONGRESS CALL NUMBER
Classification number 333.32 $2 18
110 2# - MAIN ENTRY--CORPORATE NAME
Corporate name or jurisdiction name as entry element PriceWaterhouseCoopers
9 (RLIN) 3793
245 04 - TITLE STATEMENT
Title The rising elephant
Remainder of title benefits of modern trade to Indian economy
Medium [electronic resource]
260 ## - PUBLICATION, DISTRIBUTION, ETC.
Name of publisher, distributor, etc. PWC
Date of publication, distribution, etc. 2008
505 2# - FORMATTED CONTENTS NOTE
Formatted contents note India - poised for rapid growth -- Benefits of modern trade to the Indian economy -- Impact of modern trade on agriculture in India -- Impact of modern trade on sourcing from India -- Government's role in leapfrogging the retail revolution in India
505 2# - FORMATTED CONTENTS NOTE
Formatted contents note Case studies demonstrating the benefits of modern trade: RPG retail experience; Metro Cash & Carry experience in India; ITC's foray into India's heartland; Carrefour's impact on the Thai and the Chinese economies; Kingfisher Plc's contribution in China and Poland; Wal-Mart experience in China and UK
520 ## - SUMMARY, ETC.
Summary, etc. This paper has been written with the intention of mapping the current state of affairs in the emerging modern trade industry in India and to identify the catalysts required for further growth. Case studies from other transitional economies have been presented to allow government and commercial stakeholders to prepare the necessary infrastructure required to better grow the affected sectors in future.
521 ## - TARGET AUDIENCE NOTE
Target audience note Advanced
590 ## - LOCAL NOTE (RLIN)
Local note KA
651 #4 - SUBJECT ADDED ENTRY--GEOGRAPHIC NAME
Geographic name Asia Pacific
690 ## - LOCAL SUBJECT ADDED ENTRY--TOPICAL TERM (OCLC, RLIN)
Topical term or geographic name as entry element PROPERTY-COMMERCIAL PROPERTY
710 1# - ADDED ENTRY--CORPORATE NAME
Corporate name or jurisdiction name as entry element Confederation of Indian Industry
856 48 - ELECTRONIC LOCATION AND ACCESS
Uniform Resource Identifier <a href="https://www.pwc.com/en_IN/in/assets/pdfs/rising-elephant-benefits-of-modern-tradeto-indian-economy.pdf">https://www.pwc.com/en_IN/in/assets/pdfs/rising-elephant-benefits-of-modern-tradeto-indian-economy.pdf</a>
Public note View the item free of charge online at www.pwc.com
942 ## - ADDED ENTRY ELEMENTS (KOHA)
Suppress in OPAC 0
Holdings
Withdrawn status Lost status Source of classification or shelving scheme Damaged status Not for loan Home library Current library Shelving location Date acquired Total Checkouts Full call number Barcode Date last seen Copy number Price effective from Koha item type
    Dewey Decimal Classification     Virtual Virtual Online 22/08/2008   ONLINE PUBLICATION 144933-1001 06/08/2019 1 06/08/2019 Book